Manual de poda y nutrición en Paltos: Programa de difusión y transferencia de manejos de nutrición y poda para la producción de Paltos en las provincias de Quillota y Petorca

Gorde:
Xehetasun bibliografikoak
Egile Nagusiak: Cautín Morales, Ricardo Oscar (Egilea), Varela Peña, Camilo (Egilea), Ruz Navarro, Cristian (Egilea)
Formatua: Liburua
Hizkuntza:gaztelania
Argitaratua: Quillota Pontificia Universidad Católica de Valparaíso 2011
Gaiak:
Etiketak: Etiketa erantsi
Etiketarik gabe, Izan zaitez lehena erregistro honi etiketa jartzen!

MARC

LEADER 00000cam a2200000 a 4500
001 UCG7246
003 CL-VaPUC
008 110701e20110000CL |||||||||||||||||spa|d
082 0 4 |a 634.653  |b CAU  |2 21 
100 0 |a Cautín Morales, Ricardo Oscar  |e author  |9 557934 
700 0 |a Varela Peña, Camilo  |e author  |9 557935 
700 0 |a Ruz Navarro, Cristian  |e author  |9 557936 
245 1 0 |a Manual de poda y nutrición en Paltos: Programa de difusión y transferencia de manejos de nutrición y poda para la producción de Paltos en las provincias de Quillota y Petorca 
300 |a 52 p 
942 |c BK 
945 |d 20110701 00:00:00  |a dcastane 
260 |a Quillota  |b Pontificia Universidad Católica de Valparaíso  |c 2011 
650 7 |a PALTA- CULTIVO  |2 CL-VaPUC  |9 557937 
650 7 |a RALEO  |2 CL-VaPUC  |9 557938 
650 0 |a Poda  |9 259686 
650 7 |a CONTROL DE PRODUCCION  |2 CL-VaPUC  |9 271421 
583 |a last modification  |c 20121227 01:33:23  |k Rodrigo Vera 
999 |c 345305  |d 345303 
952 |0 0  |1 0  |4 0  |6 634_653000000000000_CAU_2011  |7 0  |8 A  |9 443802  |a BIBAGR  |b BIBAGR  |d 2019-11-22  |i 4786548  |o 634.653 CAU 2011  |p 4786548  |r 2025-01-20  |w 2019-11-22  |y BK  |k AGR 
952 |0 0  |1 0  |4 0  |6 634_653000000000000_CAU_2011  |7 0  |8 A  |9 443803  |a BIBAGR  |b BIBAGR  |d 2019-11-22  |i 4786556  |l 3  |o 634.653 CAU 2011  |p 4786556  |r 2025-01-20  |s 2022-10-25  |w 2019-11-22  |y BK  |k AGR 
952 |0 0  |1 0  |4 0  |6 634_653000000000000_CAU_2011  |7 0  |8 A  |9 443804  |a BIBAGR  |b BIBAGR  |d 2019-11-22  |i 4786564  |l 2  |o 634.653 CAU 2011  |p 4786564  |r 2025-01-20  |s 2022-11-30  |w 2019-11-22  |y BK  |k AGR 
952 |0 0  |1 0  |4 0  |6 634_653000000000000_CAU_2011  |7 0  |8 A  |9 443805  |a BIBAGR  |b BIBAGR  |d 2019-11-22  |i 4940652  |o 634.653 CAU 2011  |p 4940652  |r 2025-01-20  |w 2019-11-22  |y BK  |k AGR 
952 |0 0  |1 0  |4 0  |6 634_653000000000000_CAU_2011  |7 0  |8 A  |9 443806  |a BIBAGR  |b BIBAGR  |d 2019-11-22  |i 4940660  |l 3  |o 634.653 CAU 2011  |p 4940660  |r 2025-01-20  |s 2022-11-09  |w 2019-11-22  |y BK  |k AGR